000 00972nam a2200301 a 4500
001 ASIN9699251425
005 20170105102932.0
008 140811s2013 xxu eng d
020 _a9699251425 (paperback)
_c$38.95
020 _a9789699251429 (paperback)
040 _a0
050 0 4 _aDS383.5.A3-Z (UNITED STATES)+
082 _a303.625095491
_bJAV 2013
100 1 _aJaved, Rana Athar.
245 1 0 _aBiting the silver bullet :
_bthe role of pakistan state institutions in war on terror /
_cRana Athar Javed.
260 _a[S.l.] :
_bTopical,
_c2013.
300 _a1 v. (unpaged)
650 0 _aInternational relations
650 0 _aMilitary policy
650 0 _aNational security
650 0 _aPakistan
650 0 _aTaliban
650 0 _aTerrorism--Prevention
650 0 _aUnited States
650 0 _aWar on Terrorism (2001-2009)
856 4 0 _3Amazon.com
_uhttp://www.amazon.com/exec/obidos/ASIN/9699251425/chopaconline-20
942 _2ddc
_cBK
999 _c16089
_d16089